Zodiac Signs - Sudden Death - Statistics

General Stats
  • This quiz has been taken 419 times
    135 since last reset
  • The average score is 11 of 12
Answers on the Grid
Answers color-coded by a green-red scale on the quiz's grid according to % correct below.
Apis
Aquarius
Aquila
Aries
Bovis
Cancer
Canis
Capricorn
Draco
Gallus
Gemini
Ophiuchus
Leo
Lepus
Libra
Locusta
Lupus
Pisces
Sagittarius
Scorpio
Taurus
Tigris
Ursus
Virgo
 
Answer Stats
Answer % Correct
Cancer
97%
Aquarius
96%
Capricorn
95%
Aries
94%
Gemini
94%
Scorpio
92%
Libra
90%
Virgo
90%
Leo
89%
Sagittarius
89%
Taurus
89%
Pisces
88%
No matching quizzes found
Score Distribution
Percent of People with Each Score
Percentile by Number Answered
Your Score History
You have not taken this quiz since the last reset